000 00228nam a2200097Ia 4500
005 20251222114344.0
008 251222s1900||||xx |||||||||||||| ||spa||
082 _aDVD0093/C76F/2004
245 0 _aColegios Fe y Alegría :
942 _cDVD
999 _c959
_d959